[Общая и частныя карты, принадлежащия к краткому землеописанию Российскаго государства (Запись № 13654157)
[ простой вид ]
| 000 -МАРКЕР | |
|---|---|
| контрольное поле | 02834nem0a2200361 4500 |
| 001 - ИДЕНТИФИКАТОР ЗАПИСИ | |
| контрольное поле | RU\NLR\BIBL_A\022732139 |
| 005 - ИДЕНТИФИКАТОР ВЕРСИИ | |
| контрольное поле | 20260413103858.9 |
| 035 ## - ДРУГИЕ СИСТЕМНЫЕ НОМЕРА | |
| Идентификатор записи | (NLR Aleph) 022732139 |
| 100 ## - ДАННЫЕ ОБЩЕЙ ОБРАБОТКИ | |
| Данные общей обработки | 20260218d1787 m y0rusy50 ca |
| 101 0# - ЯЗЫК РЕСУРСА | |
| Язык текста, звукозаписи и т.д. | русский |
| 102 ## - СТРАНА ПУБЛИКАЦИИ ИЛИ ПРОИЗВОДСТВА | |
| Страна публикации | Российская Федерация |
| 120 ## - ПОЛЕ КОДИРОВАННЫХ ДАННЫХ: КАРТОГРАФИЧЕСКИЕ МАТЕРИАЛЫ - ОБЩИЕ ХАРАКТЕРИСТИКИ | |
| Кодированные данные о картографическом материале (общие) | ayy xx|| |
| 123 3# - ПОЛЕ КОДИРОВАННЫХ ДАННЫХ: КАРТОГРАФИЧЕСКИЕ МАТЕРИАЛЫ - МАСШТАБ И КООРДИНАТЫ | |
| Тип масштаба | a |
| Постоянное отношение линейного горизонтального масштаба | 5250000 |
| -- | 24150000 |
| 200 1# - ЗАГЛАВИЕ И СВЕДЕНИЯ ОБ ОТВЕТСТВЕННОСТИ | |
| Основное заглавие | [Общая и частныя карты, принадлежащия к краткому землеописанию Российскаго государства |
| Общее обозначение материала | Карты |
| Сведения, относящиеся к заглавию | изданныя для народных училищ Российской империи по высочайшему повелению царствующия императрицы Екатерины Вторыя] |
| 206 ## - ОБЛАСТЬ СПЕЦИФИЧЕСКИХ СВЕДЕНИЙ: КАРТОГРАФИЧЕСКИЕ МАТЕРИАЛЫ - МАТЕМАТИЧЕСКИЕ ДАННЫЕ | |
| Сведения о математических данных | [1:5 250 000, 52,5 км в 1 см - 1:24 150 000, 241 км в 1 см, граф. м-бы в верстах] |
| 210 ## - ПУБЛИКАЦИЯ, РАСПРОСТРАНЕНИЕ И ДР. | |
| Место издания, распространения и т.д. | [Санкт-Петербург |
| Дата издания, распространения и т.д. | 1787] |
| 215 ## - ФИЗИЧЕСКАЯ ХАРАКТЕРИСТИКА | |
| Специфическое обозначение материала и объем | 1 атл. (9 л.) |
| Другие сведения о физической характеристике | грав. |
| Размеры | 22х26 см |
| 300 ## - ОБЩИЕ ПРИМЕЧАНИЯ | |
| Текст примечания | То же, раскраш., с тит. л.: К 1-Росс 6/31 |
| 300 ## - ОБЩИЕ ПРИМЕЧАНИЯ | |
| Текст примечания | Прил. к изд.: "Краткое землеописание Российского государства, изданное для народных училищ Российской империи", сост. И. Ф. Гакманом, пер. с нем. и перераб. Ф. И. Янковичем-де-Мириево, изд. в Санкт-Петербурге в 1787 г. |
| 300 ## - ОБЩИЕ ПРИМЕЧАНИЯ | |
| Текст примечания | Атлас сост. в Комиссии об учреждении народных училищ как учебное пособие. Автор атласа не указан, однако по архивным материалам установлено, что он сост. П. О. Шелеховым под руководством педагога Ф. И. Янковича де Мириево |
| 300 ## - ОБЩИЕ ПРИМЕЧАНИЯ | |
| Текст примечания | Экз. "Б" несброшюр., шифр хранения: К 1-Росс 1/42 Б |
| 509 01 - ЗАГОЛОВОК -СТРУКТУРИРОВАННОЕ ГЕОГРАФИЧЕСКОЕ ИЛИ ТЕМАТИЧЕСКОЕ НАИМЕНОВАНИЕ | |
| Графика поля | Кириллица |
| Географическое / тематическое наименование – начальный элемент ввода | Россия |
| Системный номер авторитетной/нормативной записи | 2633381 |
| Идентификатор авторитетной / нормативной записи | RU\NLR\auth_crt\55199 |
| 518 1# - ЗАГЛАВИЕ В СТАНДАРТНОМ СОВРЕМЕННОМ ПРАВОПИСАНИИ | |
| Основное заглавие, вариант заглавия или унифицированное заглавие | Общие и частные карты, принадлежащие к краткому землеописанию Российского государства |
| 607 ## - ГЕОГРАФИЧЕСКОЕ НАИМЕНОВАНИЕ КАК ПРЕДМЕТ | |
| Географическое наименование | Россия |
| Формальный подзаголовок | Карты учебные |
| Системный номер авторитетной/нормативной записи | 1287576 |
| Идентификатор авторитетной/нормативной записи | RU\NLR\AUTH\66531811 |
| 608 ## - ФОРМА, ЖАНР, ФИЗИЧЕСКИЕ ХАРАКТЕРИСТИКИ ДОКУМЕНТА КАК ТОЧКА ДОСТУПА | |
| Начальный элемент ввода | Политико-административные карты |
| Формальный подзаголовок | Карты учебные |
| Системный номер авторитетной/нормативной записи | 1527243 |
| Идентификатор авторитетной/нормативной записи | RU\NLR\AUTH\66966105 |
| 701 #1 - ИМЯ ЛИЦА - АЛЬТЕРНАТИВНАЯ ОТВЕТСТВЕННОСТЬ | |
| Графика поля | Кириллица |
| Материалы, к которым относится поле | rus |
| Начальный элемент ввода | Шелехов |
| Часть имени, кроме начального элемента ввода | П. О. |
| Даты | 1741-1804 |
| Расширение инициалов личного имени | Петр Осипович |
| Системный номер авторитетной/нормативной записи | 191644 |
| Идентификатор авторитетной/нормативной записи | RU\NLR\AUTH\770191695 |
| 702 #1 - ИМЯ ЛИЦА - ВТОРИЧНАЯ ОТВЕТСТВЕННОСТЬ | |
| Графика поля | Кириллица |
| Материалы, к которым относится поле | rus |
| Начальный элемент ввода | Янкович де Мириево |
| Часть имени, кроме начального элемента ввода | Ф. И. |
| Даты | 1741-1814 |
| Расширение инициалов личного имени | Фёдор Иванович |
| Системный номер авторитетной/нормативной записи | 182324 |
| Идентификатор авторитетной/нормативной записи | RU\NLR\AUTH\770182375 |
| 852 ## - МЕСТОНАХОЖДЕНИЕ И ШИФР ХРАНЕНИЯ | |
| Идентификатор организации | NLR |
| Наименование фонда или коллекции (Sub-Location Identifier) | К |
| Шифр хранения (Call Number) | 1-Росс 6/42 |
| Идентификатор единицы | 19148 |
| Номер экземпляра | 22318, 18509 |
| 942 ## - ДОПОЛНИТЕЛЬНЫЕ ЭЛЕМЕНТЫ ЗАПИСИ (АБИС) | |
| Тип экземпляра АБИС | Карта |
| 980 ## - КОЛЛЕКЦИЯ | |
| Название коллекции | Национальная библиография |
| 980 ## - КОЛЛЕКЦИЯ | |
| Название коллекции | Сводный каталог русских печатных карт 18 века |
Нет доступных экземпляров.